000 01043nam a22003497a 4500
003 CHAP
005 20220329133808.0
008 971013s1969 r 00010 d
010 _a11027
011 _a11999
035 _a13642
040 _cCHAP
082 _a573.2
_bP7Y
100 0 0 _aPrenant, Marcel.
_991385
245 _aDarwin y el darwinismo
260 _aMéxico :
_bGrijalbo,
_c1969
300 _a158 p.
490 _aColección 70
_v; 59
590 _aBATCH-UPD
_b10
_c20130110
_lUCH01
_h0140
590 _aBATCH-UPD
_b10
_c20130110
_lUCH01
_h1627
590 _aBATCH-UPD
_b10
_c20130410
_lUCH01
_h1021
590 _aBATCH-UPD
_b10
_c20130914
_lUCH01
_h1138
590 _aCONVERSION
_b10
_c20130109
_lUCH01
_h1307
650 1 4 _aEspecies
_xOrigen de las.
_937791
650 1 4 _aEvolución.
_939007
650 1 4 _aHombre
_xOrigen.
_956042
700 0 _aDarwin, Charles.
_931103
830 0 _aColección 70
_v; 59
_924662
901 _aBK
942 _cLIBRO
949 _a573.2 P7Y
_bBC
_cLIBRO
_d33724000240941
_eLIBRO
_fc.5
_h31546
_i13642
_si
999 _c11027
_d11027